[Event "12th Open"]
[Site "Malaga ESP"]
[Date "2009.07.14"]
[Round "5"]
[White "Djuric,S"]
[Black "Ibarra Jerez,JC"]
[Result "0-1"]
[WhiteElo "2437"]
[BlackElo "2517"]

1.Nf3 d5 2.g3 Bg4 3.h3 Bxf3 4.exf3 g6 5.c3 Bg7 6.Qb3 b6 7.a4 a5 8.d4 e6 9.Bf4 Ne7
10.h4 O-O 11.h5 c5 12.hxg6 hxg6 13.dxc5 bxc5 14.Bb5 Nf5 15.Kf1 e5 16.Bd2 c4
17.Qd1 Qf6 18.Kg2 Na6 19.Na3 Nc5 20.Qe2 Rfd8 21.Rad1 Rd6 22.g4 Nh4+ 23.Kg3 g5
24.Bxg5 Nf5+ 25.Kg2 Qxg5 26.Rh5 Nh4+ 27.Kh3 Ng6 28.Rxg5 Nf4+ 29.Kh4 Nxe2
30.Nxc4 Rh6+ 31.Rh5 Rxh5+ 32.gxh5 dxc4 33.Bxc4 Nf4 34.Rd6 Rc8 35.b3 Bf8 36.Rd1 Kg7
37.Kg5 Be7+ 38.Kf5 Nxh5 39.Rg1+ Kf8 40.Rh1 Ng7+ 41.Kxe5 Nd7+ 42.Kf4 Bd6+
43.Ke3 Ke7 44.Rh7 Be5 45.f4 Bxc3 46.Kf3 Nb6 47.Bd3 Bf6  0-1

[Event "32nd Aegean Open"]
[Site "Aghios Kirykos GRE"]
[Date "2009.07.15"]
[Round "5"]
[White "Nikolaou,G"]
[Black "Steil Antoni,F"]
[Result "1-0"]
[WhiteElo "2281"]
[BlackElo "2140"]

1.Nf3 d5 2.g3 e6 3.Bg2 Nf6 4.O-O Be7 5.b3 O-O 6.Bb2 c5 7.e3 Nc6 8.c4 d4 9.exd4 cxd4
10.Re1 Ne8 11.d3 f6 12.Na3 e5 13.Nc2 Nc7 14.Rb1 a5 15.Bc1 Bd7 16.Qe2 Re8
17.a3 b5 18.Nh4 g5 19.Nf5 Bf8 20.Be4 Rb8 21.Bd2 b4 22.Qh5 Bxf5 23.Bxf5 h6
24.axb4 axb4 25.Qg6+ Bg7 26.Qh7+ Kf8 27.f4 Qd6 28.fxg5 hxg5 29.Rf1 Ne6 30.Rf2 Kf7
31.Qg6+ Kf8 32.Be4 Ke7 33.Bxc6 Qxc6 34.Nxb4  1-0

[Event "12th Open"]
[Site "Malaga ESP"]
[Date "2009.07.15"]
[Round "6"]
[White "Paunovic,D"]
[Black "Korneev,O"]
[Result "1/2-1/2"]
[WhiteElo "2533"]
[BlackElo "2537"]

1.Nf3 d5 2.g3 g6 3.Bg2 Bg7 4.O-O e5 5.d3 Ne7 6.c3 a5 7.e4 O-O 8.a4 h6 9.Nbd2 Nbc6
10.Re1 d4 11.Nc4  1/2-1/2

[Event "32nd Aegean Open"]
[Site "Aghios Kirykos GRE"]
[Date "2009.07.16"]
[Round "6"]
[White "Aggelis,N"]
[Black "Swati,M"]
[Result "1-0"]
[WhiteElo "2296"]
[BlackElo "2091"]

1.Nf3 d5 2.g3 Nf6 3.Bg2 e6 4.O-O Be7 5.d4 O-O 6.c4 c6 7.Nbd2 Nbd7 8.b3 b6
9.Bb2 Bb7 10.Ne5 c5 11.Nxd7 Nxd7 12.e4 cxd4 13.cxd5 exd5 14.exd5 Bc5 15.Ne4 Nf6
16.b4 Bxb4 17.Qxd4 Bd6 18.Nxf6+ Qxf6 19.Qxf6 gxf6 20.Bxf6 Rfe8 21.Rfe1 Kf8
22.h4 Rec8 23.h5 h6 24.g4 Rc5 25.Rad1 Rc2 26.g5 hxg5 27.h6  1-0

[Event "ch-SUI"]
[Site "Graechen SUI"]
[Date "2009.07.16"]
[Round "8"]
[White "Lehmann,A"]
[Black "Hasenohr,B"]
[Result "1-0"]
[WhiteElo "2297"]
[BlackElo "2080"]

1.Nf3 d5 2.g3 Bf5 3.Bg2 e6 4.O-O Nf6 5.c4 c6 6.Qb3 Qb6 7.d4 Nbd7 8.Nc3 Be7
9.c5 Qa6 10.Nh4 Nf8 11.Nxf5 exf5 12.Qc2 Ne6 13.e3 g6 14.Bd2 O-O 15.Rfb1 b6
16.b4 Rfc8 17.b5 cxb5 18.Nxd5 Nxd5 19.Bxd5 Rab8 20.c6 Rc7 21.Bg2 Rd8 22.Qb2 Bg5
23.h4 Bh6 24.d5 Nc5 25.Qe5 Qc8 26.Bc3 f6 27.Qd4 Rxc6 28.dxc6 Rxd4 29.Bxd4 Bf8
30.Rxb5 Ne4 31.Bxe4 fxe4 32.Rc1 Bc5 33.Bxc5 Qxc6 34.a4 bxc5 35.Rcxc5 Qd7
36.Rd5 Qc7 37.Rd4 Qc6 38.Rbd5 Kg7 39.g4 Kh6 40.Rd6 Qc1+ 41.Kg2 Qc8 42.Rxe4 f5
43.Re7 fxg4 44.Rdd7 Qc6+ 45.e4 g5 46.Rxh7+ Kg6 47.h5+  1-0

[Event "1st Artemis Cup"]
[Site "Leros GRE"]
[Date "2009.07.16"]
[Round "6"]
[White "Kondopoulos,D"]
[Black "Boros,De"]
[Result "0-1"]
[WhiteElo "2084"]
[BlackElo "2485"]

1.Nf3 d5 2.g3 Nf6 3.Bg2 g6 4.b4 Bg7 5.Bb2 O-O 6.d3 c6 7.Nbd2 Qb6 8.c3 c5
9.Qb3 Nc6 10.Rb1 Re8 11.e4 dxe4 12.Nc4 exf3 13.Nxb6 fxg2 14.Rg1 axb6 15.Rxg2 Ne5
16.bxc5 Bh3 17.Kf1 bxc5 18.Rd1 Nf3 19.c4 e5 20.d4 Ng4 21.d5 Bh6 22.d6 Ngxh2+
23.Ke2 Nd4+ 24.Rxd4 exd4+  0-1

[Event "Lake Sevan GM"]
[Site "Martuni ARM"]
[Date "2009.07.16"]
[Round "7"]
[White "Babujian,L"]
[Black "Kotanjian,T"]
[Result "0-1"]
[WhiteElo "2515"]
[BlackElo "2580"]

1.Nf3 d5 2.g3 Bg4 3.Bg2 Nd7 4.c4 e6 5.Qa4 Nf6 6.cxd5 exd5 7.Ne5 b5 8.Qf4 Bd6
9.d4 Qe7 10.Nc3 Nxe5 11.dxe5 Bxe5 12.Nxd5 Bxf4 13.Nxe7 Bxc1 14.Rxc1 Kxe7
15.Bxa8 Rxa8 16.Rxc7+ Kf8 17.f3 Be6 18.Kf2 a5 19.a3 Rd8 20.Rhc1 a4 21.R1c5 Ne8
22.Ra7 Bc4 23.Ke1 g6 24.g4 Nf6 25.Rac7 Kg7 26.Rc8 Rd7 27.Re5 h6 28.h4 Nh7
29.Ree8 f5 30.gxf5 gxf5 31.Re5 Rf7 32.Rcc5 Kg6 33.Kf2 Nf8 34.h5+ Kxh5 35.Rxf5+ Kg6
36.Rxf7 Kxf7 37.e4 Ne6 38.Rc6 h5 39.Kg3 Nd4 40.Rh6 Ne2+ 41.Kh4 Nf4 42.Kg5 Nd3
43.Rh7+ Ke6 44.f4 Nxb2 45.f5+ Kd6 46.Ra7 Nd3 47.f6 Nc5 48.Re7 Nd7 49.Kf5 b4
50.axb4 a3 51.e5+ Kc6 52.e6 Nf8 53.b5+ Kb6 54.Re8 a2 55.Rb8+ Kc7 56.e7 Bd3+
57.Kg5 Ne6+ 58.Kh6 a1=Q 59.Rc8+ Kd6 60.Rc6+ Kd7 61.Rxe6 Qc1+ 62.Kxh5 Qh1+
63.Kg5 Qd5+  0-1

[Event "TCh Eur-Youth U18"]
[Site "Pardubice CZE"]
[Date "2009.07.17"]
[Round "2"]
[White "Stocko,J"]
[Black "Vlasak,Lu"]
[Result "1-0"]
[WhiteElo "2138"]
[BlackElo "2177"]

1.Nf3 d5 2.g3 c6 3.Bg2 Bg4 4.O-O Nd7 5.h3 Bh5 6.d3 e6 7.Nbd2 Bd6 8.c3 Ne7
9.Qc2 O-O 10.e4 Re8 11.Re1 Qc7 12.Nf1 Rad8 13.N3h2 f6 14.f4 Bf7 15.Kh1 e5
16.f5 c5 17.Rd1 dxe4 18.dxe4 c4 19.Be3 Nc5 20.Nd2 Nd3 21.Bf1 Bc5 22.Nxc4 Bxc4
23.Bxc5 Nxb2 24.Rxd8  1-0

[Event "12th Open"]
[Site "Malaga ESP"]
[Date "2009.07.18"]
[Round "9"]
[White "Strikovic,A"]
[Black "Korneev,O"]
[Result "1/2-1/2"]
[WhiteElo "2523"]
[BlackElo "2537"]

1.Nf3 d5 2.g3 Bg4 3.Bg2 c6 4.O-O Nd7 5.d4 Ngf6 6.Nbd2 e6 7.c3 Be7 8.Re1 O-O
9.e4 a5 10.h3 Bh5 11.a4 dxe4 12.Nxe4 Nxe4 13.Bf1  1/2-1/2

[Event "Open"]
[Site "Rethymno GRE"]
[Date "2009.07.18"]
[Round "8"]
[White "Vlcek,S"]
[Black "Ashwin,J"]
[Result "0-1"]
[WhiteElo "2286"]
[BlackElo "2425"]

1.Nf3 d5 2.g3 Nf6 3.Bg2 c6 4.c4 dxc4 5.a4 Bf5 6.Na3 Qd5 7.Nh4 Be4 8.f3 Bg6
9.e4 Qc5 10.Qc2 Na6 11.Qxc4 e5 12.Qxc5 Nxc5 13.Nc4 Nd3+ 14.Ke2 O-O-O 15.b3 Bb4
16.Ba3 Bxa3 17.Rxa3 Rd4 18.Rb1 Rhd8 19.a5 Ne8 20.b4 Nc7 21.Rc3 Nb5 22.Rc2 f6
23.Nxg6 hxg6 24.h4 Kc7 25.Bh3 g5 26.hxg5 fxg5 27.Rb3 Rxc4 28.Rxc4 Nc1+ 29.Rxc1 Nd4+
30.Ke3 Nxb3 31.Rc3 Nd4 32.Bf1 Rf8 33.Be2 Kd6 34.Rc1 Rh8 35.Bd3 Rh2 36.Rg1 b6
37.axb6 axb6 38.Ra1 g4 39.f4 Rg2 40.fxe5+ Kxe5 41.Bf1 Rxg3+ 42.Kf2 Rf3+ 43.Kg2 g3
44.Kh3 Ne6 45.Kg4 Rb3 46.b5 c5 47.Bc4 Rb4 48.d3 g2 49.Bxe6 Kxe6 50.Kf3 Rb3
51.Kxg2 Rxd3 52.Ra6 Rd6 53.Kf3 Ke5 54.Ra7 Rd3+ 55.Ke2 Rb3 56.Rxg7 Kxe4 57.Kd2 Kd4
58.Rg4+ Kd5 59.Rg5+ Kc4 60.Kc2 Rh3 61.Kb2 Kxb5  0-1

[Event "XXVII Andorra Open"]
[Site "Arinsal AND"]
[Date "2009.07.19"]
[Round "2"]
[White "Movsziszian,K"]
[Black "Trepat Herranz,J"]
[Result "1-0"]
[WhiteElo "2570"]
[BlackElo "2269"]

1.g3 d5 2.Nf3 Nf6 3.Bg2 c6 4.O-O Nbd7 5.d4 e6 6.b3 Be7 7.c4 O-O 8.Nc3 b6
9.Bb2 Bb7 10.Qd3 Qc7 11.Rac1 Rad8 12.cxd5 exd5 13.Nh4 Rfe8 14.Nf5 Bf8 15.Nxd5 Nxd5
16.Bxd5 Nc5 17.dxc5 Rxd5 18.Qf3 Qd7 19.e4 Rd3 20.Nh6+ Kh8 21.Qxf7 Qxf7 22.Nxf7+ Kg8
23.Ne5 Rd2 24.Nc4 Re2 25.cxb6 axb6 26.Rfe1 R8xe4 27.Rxe2 Rxe2 28.Kf1  1-0

[Event "ch-SCO"]
[Site "Edinburgh SCO"]
[Date "2009.07.19"]
[Round "9"]
[White "Markos,J"]
[Black "Shaw,J"]
[Result "1-0"]
[WhiteElo "2555"]
[BlackElo "2462"]

1.Nf3 d5 2.g3 Bg4 3.Bg2 Nd7 4.d3 Ngf6 5.h3 Bh5 6.O-O c6 7.c3 e5 8.Qc2 Be7
9.e4 dxe4 10.dxe4 O-O 11.Nbd2 b5 12.Nb3 Qc7 13.Nh4 Rfd8 14.Nf5 Bf8 15.Bg5 h6
16.Be3 Ne8 17.c4 f6 18.cxb5 cxb5 19.Qd3 Nc5 20.Qxb5 Rdb8 21.Qc4+ Bf7 22.Qe2 Nxb3
23.axb3 Rxb3 24.Rfc1 Qb7 25.Rc2 Kh7 26.Rd1 g6 27.Bc1 Rc8 28.Ne3 Bc5 29.h4 h5
30.Kh2 Bd4 31.Bh3 Rd8 32.Bg2 Qb5 33.Qf3 Be6 34.Bh3 Bxh3 35.Kxh3 Rc8 36.Rxc8 Qd7+
37.Kh2 Qxc8 38.Qe2 Bxe3 39.Bxe3 Qb7 40.Rd8 Rxb2 41.Qc4 Qe7 42.Qc8  1-0

[Event "Politiken Cup"]
[Site "Helsingor DEN"]
[Date "2009.07.19"]
[Round "2"]
[White "Nielsen,Pet"]
[Black "Kristensen,S"]
[Result "1/2-1/2"]
[WhiteElo "1926"]
[BlackElo "1565"]

1.Nf3 d5 2.g3 Bg4 3.Bg2 Nc6 4.d4 g6 5.O-O Nf6 6.c3 Bg7 7.Nbd2 O-O 8.Ne5 Qc8
9.Nxc6 bxc6 10.Nb3 Re8 11.Bf4 Nh5 12.Bd2 e5 13.f3 Bh3 14.g4 Bxg2 15.Kxg2 Nf4+
16.Bxf4 exf4 17.Nc5 Qd8 18.Qe1 Bf6 19.Nd3 Bh4 20.Qd2 Bg5 21.Rae1 Qd6 22.Rh1 Bh4
23.Ref1 g5  1/2-1/2

[Event "Corporation Centre Cup"]
[Site "Izhevsk RUS"]
[Date "2009.07.19"]
[Round "5"]
[White "Akimenko,V"]
[Black "Kostitsina,L"]
[Result "1-0"]
[WhiteElo "2119"]
[BlackElo "1871"]

1.Nf3 d5 2.g3 Nf6 3.Bg2 Nbd7 4.c4 c6 5.b3 dxc4 6.bxc4 e5 7.O-O Bd6 8.Bb2 O-O
9.Nc3 Re8 10.Ng5 h6 11.Nge4 Bc7 12.Ba3 Nxe4 13.Nxe4 Nf6 14.Rb1 Rb8 15.Nxf6+ Qxf6
16.Bc5 a6 17.Ba7 Ra8 18.Bb6 Qd8 19.c5 Be6 20.a4 Bxb6 21.Rxb6 Bd5 22.Rxb7 Bxg2
23.Kxg2 Qd5+ 24.Kg1 Qxc5 25.Qb3 Qd5 26.Rc1 Red8 27.Qxd5 Rxd5 28.d3 Ra5 29.Rxc6 Rxa4
30.Rcc7 Rf8 31.Re7 Ra5 32.Ra7 g5 33.Kg2 g4 34.h3 h5 35.hxg4 hxg4 36.f4 gxf3+
37.Kxf3 Kg7 38.Ke4 Kf6 39.Rec7 Ra4+ 40.Rc4 Ra2 41.e3 Re8 42.g4 Ra5 43.Rcc7 Ra4+
44.Kf3 Rf8 45.Rc6+ Kg5 46.Re7 Ra5 47.Ke4 Kxg4 48.Rf6 Kg5 49.Rfxf7 Rxf7 50.Rxf7 Kg6
51.Rd7 Kg5 52.Rf7 Kg6 53.Rf1 Rb5 54.d4 exd4 55.exd4 a5 56.d5 a4 57.d6 a3
58.d7 Rb8 59.Ke5 a2 60.Ke6 Kg5 61.Rf5+ Kg4 62.Ra5 Rb1 63.d8=Q a1=Q 64.Rxa1 Rxa1
65.Qd4+  1-0

[Event "Politiken Cup"]
[Site "Helsingor DEN"]
[Date "2009.07.20"]
[Round "4"]
[White "Andersen,Dani"]
[Black "Capion,J"]
[Result "0-1"]
[WhiteElo "1963"]
[BlackElo "1690"]

1.Nf3 d5 2.g3 Nf6 3.Bg2 Bg4 4.h3 Bh5 5.c4 e6 6.d4 Nbd7 7.Nc3 c6 8.b3 Bb4
9.Bd2 Bg6 10.Nh4 Bxc3 11.Bxc3 Ne4 12.Nxg6 Nxc3 13.Qd2 hxg6 14.Qxc3 Nf6 15.O-O Qd7
16.Rad1 Rc8 17.b4 b6 18.f3 Qc7 19.f4 O-O 20.c5 b5 21.Ra1 a5 22.bxa5 Ra8 23.a4 Rxa5
24.axb5 Rxb5 25.Rfb1 Rfb8 26.Rxb5 Rxb5 27.Ra8+ Rb8 28.Qa5 Qb7 29.Ra7 Qb3
30.Qc7 Nh5 31.Bf3 Qe3+ 32.Kg2 Rb1 33.Qxf7+ Kh7 34.h4 Qg1+  0-1

[Event "Corporation Centre Cup"]
[Site "Izhevsk RUS"]
[Date "2009.07.20"]
[Round "6"]
[White "Pershina,E"]
[Black "Kostitsina,L"]
[Result "1-0"]
[WhiteElo "1958"]
[BlackElo "1871"]

1.Nf3 d5 2.g3 Nf6 3.Bg2 c6 4.O-O Bf5 5.d4 e6 6.c4 Nbd7 7.Nbd2 Bd6 8.Qb3 Qb6
9.Qxb6 axb6 10.cxd5 exd5 11.Nh4 Bg6 12.Re1 Nf8 13.Nxg6 Nxg6 14.e4 dxe4 15.Nxe4 Nxe4
16.Bxe4 Kd7 17.Bd2 Ra4 18.Bc3 Bb4 19.Bxg6 hxg6 20.Re2 Re8 21.Rc2 Bxc3 22.bxc3 Rc4
23.Kg2 Kd6 24.Rb1 Kd5 25.Rxb6 Re7 26.h4 Ra4 27.Rcb2 Ra7 28.R2b3 f5 29.a3 Ke4
30.R6b4 b5 31.c4 bxc4 32.Rxc4 Kd5 33.Rbc3 Rxa3 34.Rxc6 Rxc3 35.Rxc3 Kxd4
36.Rc6 Ke4 37.f3+ Ke3 38.Rxg6 f4 39.g4 Kd4 40.Rd6+ Kc5 41.Rd2 Kc4 42.g5 Kc3
43.Rd6 Kc4 44.Kh3 Kc5 45.Rd8 Kc4 46.Kg4 Rf7 47.g6 Rf6 48.h5 Ra6 49.Rd7  1-0

[Event "13th Battle of Senta Open A"]
[Site "Senta SRB"]
[Date "2009.07.20"]
[Round "4"]
[White "Nadj,Z"]
[Black "Sutorikhin,V"]
[Result "0-1"]
[WhiteElo "2209"]
[BlackElo "2341"]

1.Nf3 d5 2.g3 Nc6 3.d4 Bf5 4.Bg2 e6 5.O-O Nb4 6.Na3 Nf6 7.Ne5 Nd7 8.Bf4 Nxe5
9.Bxe5 Nc6 10.Bf4 Bd6 11.Bxd6 Qxd6 12.c4 O-O 13.e3 a6 14.Rc1 Rfd8 15.cxd5 exd5
16.Rc5 Ne7 17.Qc1 c6 18.Nb1 Qe6 19.Re1 Nc8 20.Nd2 Nd6 21.b4 Re8 22.a4 Rad8
23.Qb2 Bh3 24.Bh1 h6 25.Qc3 f5 26.Bg2 f4 27.e4 Bxg2 28.Kxg2 dxe4 29.Re5 f3+
30.Kh1 Qh3 31.Rg1 Rxe5 32.dxe5 Nf7 33.Nxe4 Qf5 34.Re1 Nxe5 35.Nc5 Kh8 36.Nxb7 Qh3
37.Rg1 Rd1  0-1

[Event "ch-Africa"]
[Site "Tripoli LBA"]
[Date "2009.07.21"]
[Round "1"]
[White "Adly,A"]
[Black "Van den Heever,D"]
[Result "1-0"]
[WhiteElo "2548"]
[BlackElo "2254"]

1.Nf3 d5 2.g3 Bf5 3.Bg2 Nf6 4.O-O e6 5.c4 c6 6.b3 Nbd7 7.Bb2 Be7 8.d3 h6
9.Nbd2 O-O 10.Re1 a5 11.e4 dxe4 12.dxe4 Bh7 13.e5 Ne8 14.Nd4 Nc5 15.Bc3 Nc7
16.Ne4 Nxe4 17.Bxe4 Bb4 18.Bxh7+ Kxh7 19.Qc2+ Kg8 20.Rad1 Qe7 21.Re3 Bxc3
22.Qxc3 Na6 23.Re2 a4 24.Red2 axb3 25.axb3 Qc5 26.Nc2 b5 27.Rd6 bxc4 28.bxc4 Rfc8
29.h4 Rab8 30.h5 Qb6 31.Nd4 Qc5 32.Nc2 Qb6 33.Qf3 Qc5 34.Rd7 Rf8 35.Qf4 Rb2
36.Ne3 Rb4 37.R1d6 Nb8 38.Rd8 Na6 39.R6d7  1-0

[Event "TCh Eur-Youth U18"]
[Site "Pardubice CZE"]
[Date "2009.07.22"]
[Round "7"]
[White "Varga,Dav"]
[Black "Chirila,I"]
[Result "1-0"]
[WhiteElo "2285"]
[BlackElo "2526"]

1.Nf3 d5 2.g3 Bg4 3.Bg2 Nd7 4.d4 c6 5.O-O Ngf6 6.Nbd2 e6 7.Re1 Be7 8.e4 dxe4
9.Nxe4 Nxe4 10.Rxe4 Nf6 11.Re1 O-O 12.c3 Qc7 13.Qb3 Bxf3 14.Bxf3 Rad8 15.Bf4 Qc8
16.c4 Rd7 17.Rad1 Bd6 18.Bg5 Ne8 19.Bg4 Nc7 20.d5 Bc5 21.dxc6 bxc6 22.Rxd7 Qxd7
23.Rd1 Bd4 24.c5 f5 25.Bf3 Kh8 26.Bf4 Rd8 27.Qb7 e5 28.Bxe5 Ne6 29.Qxd7 Rxd7
30.Kg2 Rd8 31.Bxd4 Nxd4 32.b4 Kg8 33.a4 Kf8 34.b5 cxb5 35.axb5 Ke7 36.b6 axb6
37.cxb6 Nxf3 38.Rxd8 Ne1+ 39.Kf1 Kxd8 40.Kxe1 Kc8 41.Ke2 Kb7 42.Ke3 Kxb6
43.Kf4 Kc6 44.Kxf5 Kd6 45.h4 Kd7 46.Ke5 Ke7 47.g4 Kd7 48.g5 Ke7 49.g6 hxg6
50.Kf4 Kf6 51.Kg4 Ke6 52.Kg5 Kf7 53.f3 Kf8 54.Kxg6 Kg8 55.h5 Kf8 56.h6 Kg8
57.Kg5  1-0

[Event "TCh Eur-Youth U18"]
[Site "Pardubice CZE"]
[Date "2009.07.22"]
[Round "7"]
[White "Stocko,J"]
[Black "Petras,Ma1"]
[Result "1-0"]
[WhiteElo "2138"]
[BlackElo "1797"]

1.Nf3 d5 2.g3 c6 3.Bg2 Nf6 4.O-O Bg4 5.h3 Bh5 6.d3 Nbd7 7.Nbd2 e5 8.e4 Bd6
9.Qe1 O-O 10.Nh4 Qb8 11.Nf5 Bc7 12.Ne7+ Kh8 13.exd5 Re8 14.dxc6 bxc6 15.Nxc6 Qb6
16.Nc4 Qc5 17.Be3 Qf8 18.Nxa7  1-0

[Event "ch-Euro Senior"]
[Site "Rogaska Slatina SLO"]
[Date "2009.07.22"]
[Round "1"]
[White "Zhelesny,S"]
[Black "Kamensek,I"]
[Result "1-0"]
[WhiteElo "2180"]
[BlackElo "1777"]

1.Nf3 d5 2.g3 Nf6 3.Bg2 c5 4.d4 e6 5.O-O Nc6 6.c4 dxc4 7.dxc5 Qxd1 8.Rxd1 Bxc5
9.Nbd2 Ke7 10.Nxc4 b5 11.Nce5 Nxe5 12.Nxe5 Nd5 13.e4 Nb4 14.a3 Nc2 15.Rb1 f6
16.Nc6+ Kf7 17.e5 Ba6 18.Rd7+ Ke8 19.Rxg7 fxe5 20.b4 Nd4 21.bxc5  1-0

[Event "Najdorf Mem Open"]
[Site "Warsaw POL"]
[Date "2009.07.22"]
[Round "5"]
[White "Romanishin,O"]
[Black "Skawinski,A"]
[Result "1/2-1/2"]
[WhiteElo "2503"]
[BlackElo "2153"]

1.Nf3 d5 2.g3 Nf6 3.Bg2 c6 4.O-O Bg4 5.c4 Nbd7 6.cxd5 cxd5 7.Nc3 e6 8.Qb3 Bxf3
9.Bxf3 Nc5 10.Qb5+ Qd7 11.d3 Qc6 12.Be3 a6 13.Qxc6+ bxc6 14.Rac1 Nfd7 15.d4 Nb7
16.Na4 Nd8 17.Bf4 f5 18.Rc2 Ra7 19.Rfc1 Be7 20.h4 g6 21.Bg2 h6 22.Bd2 a5
23.f3 Bf6 24.e3 g5 25.h5 f4 26.Bh3 fxe3 27.Bxe3 Rb7 28.b3 Rb4 29.Rd1 Rh7
30.Kg2 Bh8 31.Bf2 Rf7 32.Re2 Re7 33.Rd3 Bg7 34.Re1 Bh8 35.Red1 Nb6 36.Nc5 Nd7
37.Be1 Rb8 38.Na6 Rc8 39.Bxa5 Kf7 40.Bxd8 Rxd8 41.Nb4 Rc8 42.Rc1 c5 43.dxc5 Rxc5
44.Rdd1 Bb2 45.Rxc5 Nxc5 46.Nc6 Rc7 47.Nd4 Ra7 48.Nc6 Rxa2 49.Rd2 Ra6 50.Nd8+ Ke7
51.Nxe6 Nxe6 52.Rxb2 Kd6 53.Bxe6 Kxe6 54.b4 d4 55.Rc2 Rb6 56.Rc4 Kd5 57.Rc5+ Kd6
58.Rc4 Kd5 59.Rc5+ Kd6 60.Rf5  1/2-1/2

[Event "XXVII Andorra Open"]
[Site "Arinsal AND"]
[Date "2009.07.23"]
[Round "6"]
[White "Movsziszian,K"]
[Black "Lopez Martinez,Josep"]
[Result "0-1"]
[WhiteElo "2570"]
[BlackElo "2555"]

1.Nf3 d5 2.g3 Bg4 3.Bg2 e6 4.O-O Nd7 5.d3 Bd6 6.Qe1 Ne7 7.e4 O-O 8.h3 Bh5
9.e5 Bc5 10.g4 Bg6 11.Bg5 Bb6 12.Nc3 c5 13.Kh1 Qe8 14.Nd2 Nc6 15.f4 h6 16.Bh4 Nd4
17.Rc1 Bd8 18.Bg3 Bh7 19.Nf3 Nc6 20.Qe2 Kh8 21.Rce1 Ba5 22.Nd2 Nd4 23.Qd1 Rc8
24.f5 exf5 25.Nxd5 fxg4 26.hxg4 Nc6 27.Nc4 Bxe1 28.Rxe1 Qd8 29.Nd6 Rb8 30.c3 Ndxe5
31.Rxe5 Qxd6 32.Re3 Qg6 33.Bxb8 Rxb8 34.Qa4 Qg5 35.Qf4 Rd8 36.Qxg5 hxg5 37.Kh2 f6
38.Rh3 Ne5 39.Be4 Nxg4+ 40.Kg1 Nh6 41.Nxf6 Bxe4 42.Nxe4 g4 43.Rg3 b6 44.Nf2 Kg8
45.Re3 Kf7 46.Kf1 g6 47.Kg2 Nf5 48.Re4 g3 49.Ng4 Kg7 50.Ne5 Rh8 51.Nf3 Kf6
52.d4 cxd4 53.cxd4 g5 54.d5 g4 55.Nd4 Rh2+ 56.Kg1 Rd2 57.Nxf5 Kxf5 58.Re7 a5
59.Rb7 Rxb2 60.d6 Ke6 61.d7 Ke7 62.a4 Kd8 63.Kh1 Rb4 64.Kg2 Rxa4 65.Rxb6 Kxd7
66.Kxg3 Rb4 67.Ra6 a4 68.Kf2 Kc7 69.Ke2 Kb7 70.Ra5 Kb6 71.Ra8 Kb5 72.Kd3 g3
73.Rg8 a3  0-1

[Event "MTO"]
[Site "Biel SUI"]
[Date "2009.07.23"]
[Round "4"]
[White "Hausrath,D"]
[Black "Fressinet,L"]
[Result "1/2-1/2"]
[WhiteElo "2519"]
[BlackElo "2667"]

1.Nf3 d5 2.g3 Bg4 3.Bg2 c6 4.O-O Nf6 5.c4 e6 6.cxd5 cxd5 7.Ne5 Bf5 8.Qb3 Nbd7
9.Nxd7 Qxd7 10.Nc3 Be7 11.d4 O-O 12.a4 Rac8 13.Bd2 Rc4 14.e3 Rfc8 15.Rfc1 a6
16.a5 Bb4 17.Ra4 Bd6 18.Rxc4 Rxc4 19.f3 Qc7 20.Na2 Rxc1+ 21.Nxc1 Bg6 22.Qc3 Qb8
23.Nd3 h5 24.Ne5 Bxe5 25.dxe5 Nd7 26.f4 Qd8 27.Qb4 Qc8 28.Qc3 Qxc3 29.Bxc3 Bd3
30.Bf3 g6 31.Bd4 Kf8  1/2-1/2

[Event "Najdorf Mem Open"]
[Site "Warsaw POL"]
[Date "2009.07.23"]
[Round "6"]
[White "Galazewski,T"]
[Black "Kosiorek,M"]
[Result "1/2-1/2"]
[WhiteElo "2239"]
[BlackElo "2362"]

1.Nf3 d5 2.g3 Nf6 3.Bg2 c6 4.d3 Bg4 5.O-O e6 6.h3 Bh5 7.Qe1 Bc5 8.e4 O-O
9.Nbd2 Nbd7 10.Nb3 Bb6 11.Bg5 h6 12.Be3 dxe4 13.dxe4 Bxf3 14.Bxf3 Bxe3 15.Qxe3 Qb6
16.Qc3 Qb5 17.Nd2 a5 18.a3 Qe5 19.Qxe5 Nxe5 20.Be2 Rfd8 21.Rad1 Ned7 22.f4 e5
23.Bd3 Re8 24.Rde1 b5 25.a4 Nc5 26.axb5 Nxd3 27.cxd3 cxb5 28.fxe5 Rxe5 29.d4 Rg5
30.g4 b4 31.e5 Nd5 32.Ne4 Rg6 33.Nd6 Rf8 34.Kh2 a4 35.Rc1 a3 36.bxa3 bxa3
37.Ra1 Ra8 38.Rf2 Ra4 39.Rfa2 Rxd4 40.Rxa3 Re6 41.Ra8+ Kh7 42.Nxf7 Rf4 43.R1a7 Ne7
44.Nd6 Rxe5 45.Re8 Ng6 46.Rxe5 Nxe5 47.Nf5 Nxg4+ 48.hxg4 Rxg4 49.Rxg7+ Rxg7
50.Nxg7 Kxg7  1/2-1/2

[Event "Politiken Cup"]
[Site "Helsingor DEN"]
[Date "2009.07.24"]
[Round "8"]
[White "Rhee,A"]
[Black "Skjoldager,F"]
[Result "1/2-1/2"]
[WhiteElo "2116"]
[BlackElo "1997"]

1.Nf3 d5 2.g3 Nf6 3.Bg2 c6 4.O-O Bf5 5.c4 e6 6.Nc3 Nbd7 7.cxd5 cxd5 8.d3 h6
9.e4 Bg4 10.exd5 exd5 11.Qa4 Be7 12.Nxd5 O-O 13.Nxe7+ Qxe7 14.Re1 Qd6 15.Bf4 Qxd3
16.Ne5 Nxe5 17.Bxe5 Qd7 18.Qxd7 Nxd7 19.Bd6 Rfe8 20.Bxb7 Rxe1+ 21.Rxe1 Rd8
22.Bc7 Rf8 23.b4 Nb6 24.Re5 Nc4 25.Rc5 Nd2 26.h3 Bxh3 27.Bf4 Rd8 28.Bd5 Nb1
29.Kh2 Bg4 30.Be4 Rd1 31.Rd5 Nc3 32.Rxd1 Bxd1 33.Bd3 Nxa2 34.b5 Ba4 35.Be5 Nc1
36.Bc4 Nb3 37.Kg2 Kf8 38.f4 f6 39.Bc3 Ke8 40.Kf3 Kd7 41.Kg4 Nc5 42.Kf5 Bc2+
43.Kg4 Bd1+ 44.Kh3 Kd6 45.Bb4 Bf3 46.f5 Bd5 47.Bxd5 Kxd5 48.Kh4 Kc4 49.Ba3 Kxb5
50.Kh5 a5 51.g4 a4 52.Kg6 Ne4 53.Bf8 Nf2 54.Kh5 Kc4 55.Bxg7 Ne4 56.Bf8 Kd5
57.Kxh6 Ke5 58.Kg6 Kf4 59.Kh5 Nf2 60.Bd6+ Ke4 61.Bc5 Nd3 62.Be7 Nf4+ 63.Kh4 Nd5
64.Ba3 Kf3 65.Bb2 Kf4 66.Kh5 Kf3 67.Bc1 Ke4 68.Kg6 Kf3 69.Kf7 Kxg4 70.Ke6 Ne7
71.Kxf6 Nxf5 72.Ke5  1/2-1/2

[Event "Czech Open A"]
[Site "Pardubice CZE"]
[Date "2009.07.24"]
[Round "1"]
[White "Pribyl,Jo"]
[Black "Vesely,L"]
[Result "1/2-1/2"]
[WhiteElo "2372"]
[BlackElo "2211"]

1.Nf3 d5 2.g3 Nf6 3.Bg2 Bf5 4.O-O Nbd7 5.d3 e5 6.Nbd2 Bd6 7.c4 c6 8.cxd5 cxd5
9.e4 dxe4 10.dxe4 Bg6 11.Nh4 O-O 12.Nxg6 hxg6 13.Nc4 Bc5 14.Qe2 Qe7 15.Bg5 Rac8
16.Bh3 Bd4 17.Rac1 Rc7 18.Ne3 Qd6 19.Rxc7 Qxc7 20.b3 Qc6 21.Bg2 Rc8 22.Nd5 Qd6
23.Qb5 Nb6 24.Nxb6 Qxb6  1/2-1/2

[Event "Najdorf Mem Open"]
[Site "Warsaw POL"]
[Date "2009.07.24"]
[Round "7"]
[White "Melchers,D"]
[Black "Nasuta,G"]
[Result "0-1"]
[WhiteElo "2023"]
[BlackElo "2044"]

1.Nf3 d5 2.g3 c6 3.Bg2 Bf5 4.O-O Nf6 5.d3 e6 6.Nbd2 Bc5 7.c3 a5 8.Qc2 O-O
9.e4 Bg6 10.Nh4 e5 11.Nxg6 hxg6 12.Nf3 Re8 13.Bg5 Nbd7 14.Rad1 Qc7 15.h3 Ba7
16.Rfe1 Rac8 17.Re2 b5 18.Rde1 dxe4 19.dxe4 Nb6 20.Rd1 c5 21.Nh2 Nfd7 22.Red2 c4
23.Rd6 Nc5 24.R6d2 b4 25.Qb1 Nba4 26.cxb4 axb4 27.Rc2 c3 28.b3 Nb6 29.Be3 Ne6
30.Bf1 Red8 31.Nf3 Nd7 32.Bxa7 Qxa7 33.Bc4 Nd4 34.Nxd4 exd4 35.Qc1 Ne5 36.Bd3 Qb7
37.Qf4 f6 38.Kf1 Re8 39.Ke2 Nxd3 40.Kxd3 Qb5+ 41.Kxd4 Rcd8+ 42.Ke3 Rxd1 43.Qc7 Qd3+
44.Kf4 Rxe4+  0-1

[Event "ZMD Open"]
[Site "Dresden GER"]
[Date "2009.07.25"]
[Round "1"]
[White "Markowski,T"]
[Black "Kimmich,B"]
[Result "1-0"]
[WhiteElo "2627"]
[BlackElo "1911"]

1.g3 d5 2.Nf3 Nf6 3.Bg2 c6 4.d3 Bf5 5.O-O e6 6.Nh4 Bg4 7.h3 Bh5 8.Qe1 Nbd7
9.e4 dxe4 10.dxe4 Bc5 11.Kh1 Qe7 12.f4 O-O-O 13.Nc3 Nb6 14.b3 Rhe8 15.a4 a5
16.Be3 Bd4 17.Bxd4 Rxd4 18.e5 Nfd5 19.Ne4 Nb4 20.Qf2 Red8 21.Nd6+ R8xd6 22.exd6 Qxd6
23.c3 Nd3 24.Qxd4  1-0

[Event "2nd Open"]
[Site "Paleohora GRE"]
[Date "2009.07.26"]
[Round "7"]
[White "Maryasin,B"]
[Black "Haznedaroglu,K"]
[Result "0-1"]
[WhiteElo "2348"]
[BlackElo "2468"]

1.Nf3 d5 2.g3 Nf6 3.Bg2 c6 4.O-O Bg4 5.d3 Nbd7 6.c4 e6 7.cxd5 exd5 8.Nc3 Be7
9.h3 Bh5 10.Nh4 O-O 11.Nf5 Bg6 12.Nxe7+ Qxe7 13.Be3 Rfe8 14.Bd4 Qb4 15.e3 Qd6
16.b4 a5 17.b5 c5 18.Bxf6 Nxf6 19.Rc1 Rad8 20.Ne2 b6 21.Nf4 Bf5 22.g4 Be6
23.g5 Nd7 24.d4 c4 25.a4 Nf8 26.Re1 Ng6 27.Nxe6 Rxe6 28.Qg4 Rde8 29.h4 Nf4
30.Bf1 Re4 31.Qg3 Qe6 32.Be2 Nxe2+ 33.Rxe2 Rg4  0-1

[Event "Czech Open A"]
[Site "Pardubice CZE"]
[Date "2009.07.26"]
[Round "3"]
[White "Pribyl,Jo"]
[Black "Stocek,J"]
[Result "0-1"]
[WhiteElo "2372"]
[BlackElo "2584"]

1.Nf3 d5 2.g3 Nc6 3.d4 Bf5 4.Bg2 Nb4 5.Na3 e6 6.c3 Nc6 7.Nc2 h6 8.Ne5 Nxe5
9.dxe5 Bc5 10.b4 Bb6 11.Nd4 Bg6 12.O-O Ne7 13.a4 a6 14.Be3 O-O 15.Qd2 a5
16.f4 Qd7 17.b5 Rfd8 18.g4 c6 19.Kh1 Bxd4 20.Bxd4 cxb5 21.axb5 Qxb5 22.f5 exf5
23.g5 h5 24.Rfb1 Qd7 25.Rb6 Nc6 26.Qb2 Rab8 27.e3 Qe7 28.Qb5 Qxg5 29.Bxd5 Rxd5
30.Qxd5 f4 31.Rg1 Qf5 32.Rf1 f3 33.Qa2 Qh3 34.Qf2 Be4 35.Rg1 Nxd4 36.exd4 Rc8
37.Rc1 Qf5 38.c4 Qf4 39.Rg1 Qd2 40.Qh4 f2+ 41.Qxe4 fxg1=R+ 42.Kxg1 Rxc4  0-1

[Event "Najdorf Mem Open"]
[Site "Warsaw POL"]
[Date "2009.07.26"]
[Round "9"]
[White "Romanishin,O"]
[Black "Urban,K"]
[Result "1-0"]
[WhiteElo "2503"]
[BlackElo "2456"]

1.Nf3 d5 2.g3 c5 3.Bg2 Nf6 4.O-O g6 5.d4 cxd4 6.Nxd4 Bg7 7.c4 dxc4 8.Qa4+ Nfd7
9.Rd1 O-O 10.Qxc4 Ne5 11.Qb3 Qb6 12.Qxb6 axb6 13.Nc3 e6 14.Ndb5 Nbd7 15.Bg5 Nc6
16.Nd6 Nf6 17.Be3 Ra6 18.h3 Rd8 19.Nc4 Rxd1+ 20.Rxd1 Bd7 21.Nxb6 Be8 22.a3 Ra5
23.Nc4 Ra8 24.Nd6 Nd5 25.Bxd5 exd5 26.Nxd5 Ne5 27.Nc7 Ba4 28.Rd4 Rd8 29.Rxa4 Rxd6
30.Ra8+ Bf8 31.Rxf8+ Kxf8 32.Bc5 Ke7 33.Nb5 Nc4 34.Nxd6 Nxd6 35.Kf1 Ke6 36.Bxd6  1-0